[Event "45th FIDE Chess Olympiad Open"]
[Site "Budapest, Hungary"]
[Date "2024.09.20"]
[Round "9"]
[White "Schwarz, Bernhard"]
[Black "Karabo Mokete"]
[Result "1/2-1/2"]
[Board "287"]
[WhiteFideId "15201228"]
[BlackFideId "21303622"]
[WhiteElo "1875"]
[BlackElo "1836"]
[WhiteTeam "Namibia"]
[BlackTeam "Lesotho"]
[WhiteClock "0:25:17"]
[BlackClock "0:01:08"]
[Variant "Standard"]

1. e4 {[%clk 1:30:48]}  c5 {[%clk 1:30:25]} 2. Nf3 {[%clk 1:31:02]}  d6 {[%clk 1:30:47]} 3. d4 {[%clk 1:31:05]}  cxd4 {[%clk 1:31:10]} 4. Nxd4 {[%clk 1:31:31]}  Nf6 {[%clk 1:31:34]} 5. Nc3 {[%clk 1:31:55]}  a6 {[%clk 1:32:00]} 6. h3 {[%clk 1:32:21]}  e5 {[%clk 1:32:20]} 7. Nf3 {[%clk 1:32:43]}  Be7 {[%clk 1:31:14]} 8. g4 {[%clk 1:33:04]}  h6 {[%clk 1:31:13]} 9. Rg1 {[%clk 1:33:11]}  b5 {[%clk 1:29:55]} 10. g5 {[%clk 1:32:15]}  hxg5 {[%clk 1:24:30]} 11. Nxg5 {[%clk 1:32:15]}  Bb7 {[%clk 1:24:38]} 12. Be3 {[%clk 1:29:07]}  Qc7 {[%clk 1:21:21]} 13. Qd2 {[%clk 1:24:51]}  Nbd7 {[%clk 1:19:34]} 14. Nd5 {[%clk 1:14:37]}  Bxd5 {[%clk 1:17:50]} 15. exd5 {[%clk 1:13:38]}  Qb7 {[%clk 1:04:59]} 16. O-O-O {[%clk 1:13:11]}  a5 {[%clk 1:03:58]} 17. Qd3 {[%clk 1:11:02]}  b4 {[%clk 0:47:12]} 18. Bg2 {[%clk 1:02:09]}  Qa6 {[%clk 0:39:12]} 19. Qf5 {[%clk 0:54:12]}  g6 {[%clk 0:39:32]} 20. Qf3 {[%clk 0:54:40]}  a4 {[%clk 0:35:29]} 21. Bf1 {[%clk 0:43:37]}  Qa5 {[%clk 0:27:57]} 22. Qg2 {[%clk 0:43:29]}  b3 {[%clk 0:15:07]} 23. cxb3 {[%clk 0:32:07]}  axb3 {[%clk 0:09:21]} 24. axb3 {[%clk 0:31:42]}  Nc5 {[%clk 0:08:06]} 25. Bxc5 {[%clk 0:29:45]}  Qxc5+ {[%clk 0:08:20]} 26. Bc4 {[%clk 0:30:09]}  Nh5 {[%clk 0:08:25]} 27. Ne4 {[%clk 0:16:45]}  Qc7 {[%clk 0:07:01]} 28. Kc2 {[%clk 0:14:18]}  Nf4 {[%clk 0:06:40]} 29. Qf1 {[%clk 0:14:36]}  Rxh3 {[%clk 0:05:50]} 30. Rh1 {[%clk 0:14:08]}  Rh5 {[%clk 0:03:58]} 31. Ra1 {[%clk 0:09:40]}  Rxa1 {[%clk 0:03:28]} 32. Qxa1 {[%clk 0:09:49]}  f5 {[%clk 0:02:34]} 33. Rxh5 {[%clk 0:05:43]}  Nxh5 {[%clk 0:02:28]} 34. Qa8+ {[%clk 0:05:01]}  Kf7 {[%clk 0:02:36]} 35. Nc3 {[%clk 0:04:20]}  Qc5 {[%clk 0:02:29]} 36. Qh8 {[%clk 0:01:58]}  Qxf2+ {[%clk 0:02:00]} 37. Kb1 {[%clk 0:02:19]}  Nf6 {[%clk 0:01:41]} 38. Nb5 {[%clk 0:01:27]}  Qe1+ {[%clk 0:00:58]} 39. Kc2 {[%clk 0:01:33]}  Qe4+ {[%clk 0:00:40]} 40. Bd3 {[%clk 0:01:02]}  Qg2+ {[%clk 0:00:47]} 41. Kb1 {[%clk 0:01:22]}  e4 {[%clk 0:01:00]} 42. Bc4 {[%clk 0:01:20]}  f4 {[%clk 0:00:55]} 43. Nc7 {[%clk 0:00:55]}  Qg1+ {[%clk 0:28:43]} 44. Kc2 {[%clk 0:31:19]}  Qf2+ {[%clk 0:28:58]} 45. Kc1 {[%clk 0:30:41]}  f3 {[%clk 0:21:06]} 46. Ne6 {[%clk 0:29:33]}  Nh5 {[%clk 0:19:35]} 47. Bb5 {[%clk 0:25:11]}  Qe1+ {[%clk 0:08:17]} 48. Kc2 {[%clk 0:25:10]}  Qf2+ {[%clk 0:08:36]} 49. Kc1 {[%clk 0:25:03]}  Qe1+ {[%clk 0:01:08]} 50. Kc2 {[%clk 0:25:17]} 1/2-1/2

[Event "45th FIDE Chess Olympiad Open"]
[Site "Budapest, Hungary"]
[Date "2024.09.20"]
[Round "9"]
[White "Motlomelo, Lihloela"]
[Black "Khoa, Goodwill"]
[Result "1-0"]
[Board "288"]
[WhiteFideId "21301948"]
[BlackFideId "15200264"]
[WhiteElo "1696"]
[BlackElo "1890"]
[WhiteTeam "Lesotho"]
[BlackTeam "Namibia"]
[WhiteClock "0:12:09"]
[BlackClock "0:14:34"]
[Variant "Standard"]

1. e4 {[%clk 1:30:33]}  e5 {[%clk 1:30:39]} 2. Nf3 {[%clk 1:30:59]}  Nc6 {[%clk 1:31:02]} 3. Bb5 {[%clk 1:29:13]}  Nf6 {[%clk 1:30:14]} 4. O-O {[%clk 1:29:12]}  d6 {[%clk 1:26:54]} 5. d3 {[%clk 1:27:53]}  Be7 {[%clk 1:26:54]} 6. h3 {[%clk 1:28:14]}  O-O {[%clk 1:27:17]} 7. Re1 {[%clk 1:28:40]}  h6 {[%clk 1:27:15]} 8. Be3 {[%clk 1:27:45]}  Na5 {[%clk 1:26:23]} 9. c3 {[%clk 1:27:01]}  c6 {[%clk 1:25:25]} 10. Ba4 {[%clk 1:27:26]}  b5 {[%clk 1:25:34]} 11. Bc2 {[%clk 1:27:48]}  Be6 {[%clk 1:25:46]} 12. Nbd2 {[%clk 1:27:02]}  c5 {[%clk 1:23:41]} 13. Nf1 {[%clk 1:23:57]}  Nc6 {[%clk 1:22:57]} 14. Ng3 {[%clk 1:16:39]}  Nh7 {[%clk 1:19:23]} 15. d4 {[%clk 1:12:20]}  cxd4 {[%clk 1:17:26]} 16. cxd4 {[%clk 1:12:29]}  exd4 {[%clk 1:16:46]} 17. Nxd4 {[%clk 1:12:11]}  Nxd4 {[%clk 1:13:15]} 18. Bxd4 {[%clk 1:10:54]}  Bf6 {[%clk 1:09:34]} 19. b3 {[%clk 0:53:18]}  Be5 {[%clk 1:08:37]} 20. Bxe5 {[%clk 0:53:06]}  dxe5 {[%clk 1:08:52]} 21. Qe2 {[%clk 0:53:01]}  Qb6 {[%clk 1:06:34]} 22. Nf5 {[%clk 0:52:14]}  Nf6 {[%clk 1:03:58]} 23. Rac1 {[%clk 0:41:59]}  Rad8 {[%clk 1:01:46]} 24. Qf3 {[%clk 0:41:06]}  Rfe8 {[%clk 1:00:55]} 25. Nxh6+ {[%clk 0:39:32]}  Kh7 {[%clk 0:59:19]} 26. Nf5 {[%clk 0:39:09]}  Rh8 {[%clk 0:55:44]} 27. Qg3 {[%clk 0:35:37]}  Bxf5 {[%clk 0:50:26]} 28. exf5 {[%clk 0:35:38]}  Nd7 {[%clk 0:49:08]} 29. f6+ {[%clk 0:24:12]}  g6 {[%clk 0:49:01]} 30. h4 {[%clk 0:24:21]}  Qxf6 {[%clk 0:48:19]} 31. h5 {[%clk 0:24:30]}  Rhe8 {[%clk 0:45:05]} 32. Re3 {[%clk 0:23:47]}  Nf8 {[%clk 0:43:39]} 33. Rf3 {[%clk 0:21:24]}  Qd6 {[%clk 0:30:16]} 34. Rxf7+ {[%clk 0:15:31]}  Kg8 {[%clk 0:28:34]} 35. Bxg6 {[%clk 0:13:49]}  Kh8 {[%clk 0:25:22]} 36. Qg5 {[%clk 0:12:36]}  Kg8 {[%clk 0:16:20]} 37. Qh6 {[%clk 0:12:16]}  Qf6 {[%clk 0:14:34]} 38. Rxf8+ {[%clk 0:12:09]} 1-0

[Event "45th FIDE Chess Olympiad Open"]
[Site "Budapest, Hungary"]
[Date "2024.09.20"]
[Round "9"]
[White "Gabriel, Sixtus"]
[Black "Yeung, Jason"]
[Result "0-1"]
[Board "289"]
[WhiteFideId "23000180"]
[BlackFideId "8203970"]
[WhiteElo "1800"]
[BlackElo "1993"]
[WhiteTeam "Saint Lucia"]
[BlackTeam "Suriname"]
[WhiteClock "0:19:08"]
[BlackClock "0:18:05"]
[Variant "Standard"]

1. d4 {[%clk 1:30:50]}  d5 {[%clk 1:30:52]} 2. Nf3 {[%clk 1:31:03]}  Nf6 {[%clk 1:31:15]} 3. Bf4 {[%clk 1:30:27]}  Bf5 {[%clk 1:30:42]} 4. e3 {[%clk 1:27:50]}  e6 {[%clk 1:30:45]} 5. c3 {[%clk 1:26:22]}  Bd6 {[%clk 1:30:23]} 6. Bg3 {[%clk 1:25:51]}  Ne4 {[%clk 1:28:56]} 7. Nbd2 {[%clk 1:24:27]}  O-O {[%clk 1:28:59]} 8. Nxe4 {[%clk 1:22:15]}  Bxe4 {[%clk 1:28:07]} 9. Bd3 {[%clk 1:22:05]}  f5 {[%clk 1:27:35]} 10. O-O {[%clk 1:20:04]}  Bxg3 {[%clk 1:25:08]} 11. hxg3 {[%clk 1:19:35]}  Nd7 {[%clk 1:25:10]} 12. Be2 {[%clk 1:14:29]}  Bxf3 {[%clk 1:24:27]} 13. gxf3 {[%clk 1:14:02]}  c5 {[%clk 1:20:44]} 14. c4 {[%clk 1:13:19]}  cxd4 {[%clk 1:08:32]} 15. Qxd4 {[%clk 1:11:15]}  Qb6 {[%clk 1:07:33]} 16. cxd5 {[%clk 0:59:06]}  Qxd4 {[%clk 1:07:50]} 17. exd4 {[%clk 0:59:24]}  exd5 {[%clk 1:08:15]} 18. Rac1 {[%clk 0:58:35]}  Rac8 {[%clk 1:08:21]} 19. Bd3 {[%clk 0:58:37]}  g6 {[%clk 1:08:23]} 20. Rfe1 {[%clk 0:58:02]}  Kf7 {[%clk 1:07:50]} 21. Bb5 {[%clk 0:57:17]}  Nf6 {[%clk 1:02:57]} 22. b4 {[%clk 0:55:17]}  a6 {[%clk 1:02:32]} 23. Bd3 {[%clk 0:55:05]}  Rfe8 {[%clk 1:00:43]} 24. Kg2 {[%clk 0:54:12]}  Rxe1 {[%clk 0:58:17]} 25. Rxc8 {[%clk 0:53:54]}  Rd1 {[%clk 0:57:44]} 26. Bc2 {[%clk 0:53:49]}  Rxd4 {[%clk 0:55:21]} 27. Rc7+ {[%clk 0:54:10]}  Ke6 {[%clk 0:49:12]} 28. Rxb7 {[%clk 0:52:24]}  g5 {[%clk 0:46:29]} 29. Rb6+ {[%clk 0:48:59]}  Ke5 {[%clk 0:42:24]} 30. Kf1 {[%clk 0:48:06]}  Rd2 {[%clk 0:35:17]} 31. Bb3 {[%clk 0:47:33]}  Rd4 {[%clk 0:31:30]} 32. Ke2 {[%clk 0:47:33]}  h5 {[%clk 0:21:43]} 33. a3 {[%clk 0:43:53]}  h4 {[%clk 0:21:53]} 34. f4+ {[%clk 0:44:09]}  gxf4 {[%clk 0:22:11]} 35. gxh4 {[%clk 0:44:24]}  f3+ {[%clk 0:22:30]} 36. Ke1 {[%clk 0:35:33]}  Rxh4 {[%clk 0:22:20]} 37. Bd1 {[%clk 0:32:48]}  Rh1+ {[%clk 0:22:39]} 38. Kd2 {[%clk 0:33:09]}  Ne4+ {[%clk 0:23:06]} 39. Kc2 {[%clk 0:33:26]}  Rf1 {[%clk 0:23:01]} 40. Rxa6 {[%clk 0:33:28]}  Rxf2+ {[%clk 0:23:09]} 41. Kb3 {[%clk 0:33:08]}  Rf1 {[%clk 0:23:04]} 42. Bc2 {[%clk 0:24:36]}  f2 {[%clk 0:22:45]} 43. Bd3 {[%clk 0:24:40]}  Rc1 {[%clk 0:18:46]} 44. Kb2 {[%clk 0:23:42]}  Rd1 {[%clk 0:18:31]} 45. Bb5 {[%clk 0:23:43]}  Nd6 {[%clk 0:18:47]} 46. Kb3 {[%clk 0:18:12]}  Nxb5 {[%clk 0:18:17]} 47. Ka4 {[%clk 0:18:25]}  f1=Q {[%clk 0:17:50]} 48. Re6+ {[%clk 0:18:42]}  Kxe6 {[%clk 0:18:05]} 49. Kb3 {[%clk 0:19:08]} 0-1

[Event "45th FIDE Chess Olympiad Open"]
[Site "Budapest, Hungary"]
[Date "2024.09.20"]
[Round "9"]
[White "Kalidjo, Imaan"]
[Black "James, Justin"]
[Result "1-0"]
[Board "290"]
[WhiteFideId "8202478"]
[BlackFideId "23000422"]
[WhiteElo "1934"]
[BlackElo "1745"]
[WhiteTeam "Suriname"]
[BlackTeam "Saint Lucia"]
[WhiteClock "0:06:51"]
[BlackClock "0:00:32"]
[Variant "Standard"]

1. c4 {[%clk 1:30:53]}  c6 {[%clk 1:30:44]} 2. d4 {[%clk 1:30:52]}  d5 {[%clk 1:31:04]} 3. Nc3 {[%clk 1:30:43]}  Nf6 {[%clk 1:30:43]} 4. Nf3 {[%clk 1:30:07]}  e6 {[%clk 1:29:15]} 5. Bg5 {[%clk 1:29:02]}  Be7 {[%clk 1:27:39]} 6. e3 {[%clk 1:26:57]}  Nbd7 {[%clk 1:27:43]} 7. Bd3 {[%clk 1:26:38]}  dxc4 {[%clk 1:18:46]} 8. Bxc4 {[%clk 1:26:58]}  b5 {[%clk 1:19:11]} 9. Bd3 {[%clk 1:24:52]}  Bb7 {[%clk 1:16:34]} 10. O-O {[%clk 1:22:58]}  O-O {[%clk 1:16:26]} 11. Rc1 {[%clk 1:22:20]}  a6 {[%clk 1:16:30]} 12. Bxf6 {[%clk 1:16:46]}  Bxf6 {[%clk 1:10:06]} 13. Qc2 {[%clk 1:13:45]}  h6 {[%clk 1:09:08]} 14. Ne4 {[%clk 1:09:26]}  Be7 {[%clk 1:09:26]} 15. Rfd1 {[%clk 1:08:34]}  Rc8 {[%clk 0:59:03]} 16. Ne5 {[%clk 0:49:49]}  Kh8 {[%clk 0:39:56]} 17. Nxd7 {[%clk 0:43:49]}  Qxd7 {[%clk 0:39:31]} 18. Nc5 {[%clk 0:42:22]}  Bxc5 {[%clk 0:32:32]} 19. Qxc5 {[%clk 0:41:52]}  Rfd8 {[%clk 0:30:02]} 20. Be4 {[%clk 0:39:25]}  Kg8 {[%clk 0:25:15]} 21. Rc2 {[%clk 0:35:11]}  Qd6 {[%clk 0:22:40]} 22. Qa7 {[%clk 0:32:50]}  Rc7 {[%clk 0:19:27]} 23. f4 {[%clk 0:26:24]}  Rdd7 {[%clk 0:14:56]} 24. Rdc1 {[%clk 0:25:37]}  g6 {[%clk 0:11:51]} 25. Rc5 {[%clk 0:22:05]}  Kg7 {[%clk 0:11:28]} 26. Qb6 {[%clk 0:20:24]}  Qe7 {[%clk 0:09:31]} 27. Qa5 {[%clk 0:18:46]}  Rd6 {[%clk 0:07:26]} 28. Qc3 {[%clk 0:18:30]}  Qf6 {[%clk 0:07:15]} 29. g4 {[%clk 0:14:57]}  Kg8 {[%clk 0:06:09]} 30. g5 {[%clk 0:12:39]}  hxg5 {[%clk 0:04:42]} 31. fxg5 {[%clk 0:12:37]}  Qg7 {[%clk 0:03:18]} 32. Rf1 {[%clk 0:12:09]}  Qh7 {[%clk 0:02:34]} 33. Qe1 {[%clk 0:10:57]}  Kf8 {[%clk 0:01:05]} 34. Qg3 {[%clk 0:09:03]}  Ke7 {[%clk 0:01:10]} 35. Rf6 {[%clk 0:09:18]}  Qh8 {[%clk 0:00:54]} 36. Rc1 {[%clk 0:09:11]}  Rcd7 {[%clk 0:00:52]} 37. Rcf1 {[%clk 0:09:03]}  Qg7 {[%clk 0:00:33]} 38. Qe5 {[%clk 0:09:05]}  Kd8 {[%clk 0:00:35]} 39. Qf4 {[%clk 0:06:49]}  Qh8 {[%clk 0:00:32]} 40. Rxf7 {[%clk 0:06:40]}  Rxf7 {[%clk 0:00:32]} 41. Qxd6+ {[%clk 0:06:51]} 1-0

[Event "45th FIDE Chess Olympiad Open"]
[Site "Budapest, Hungary"]
[Date "2024.09.20"]
[Round "9"]
[White "Elizee, Kaieem"]
[Black "Chashawa, Shaief"]
[Result "1/2-1/2"]
[Board "291"]
[WhiteFideId "23000392"]
[BlackFideId "8201510"]
[WhiteElo "1701"]
[BlackElo "1825"]
[WhiteTeam "Saint Lucia"]
[BlackTeam "Suriname"]
[WhiteClock "0:28:00"]
[BlackClock "0:53:42"]
[Variant "Standard"]

1. d4 {[%clk 1:30:51]}  Nf6 {[%clk 1:30:29]} 2. c4 {[%clk 1:31:05]}  g6 {[%clk 1:30:49]} 3. Nc3 {[%clk 1:31:17]}  d5 {[%clk 1:31:12]} 4. cxd5 {[%clk 1:30:49]}  Nxd5 {[%clk 1:31:34]} 5. e4 {[%clk 1:31:09]}  Nxc3 {[%clk 1:31:58]} 6. bxc3 {[%clk 1:31:34]}  Bg7 {[%clk 1:32:23]} 7. Be3 {[%clk 1:31:33]}  c5 {[%clk 1:31:22]} 8. Rc1 {[%clk 1:31:23]}  Qa5 {[%clk 1:30:55]} 9. Qd2 {[%clk 1:31:26]}  cxd4 {[%clk 1:29:05]} 10. cxd4 {[%clk 1:31:43]}  Qxd2+ {[%clk 1:27:27]} 11. Kxd2 {[%clk 1:32:01]}  O-O {[%clk 1:26:10]} 12. Nf3 {[%clk 1:29:55]}  Nc6 {[%clk 1:25:46]} 13. Be2 {[%clk 1:29:31]}  Rd8 {[%clk 1:25:34]} 14. Rc4 {[%clk 1:21:29]}  Bg4 {[%clk 1:14:14]} 15. d5 {[%clk 1:15:18]}  e6 {[%clk 1:14:13]} 16. Nd4 {[%clk 1:03:29]}  Bxe2 {[%clk 1:11:49]} 17. Kxe2 {[%clk 1:00:28]}  exd5 {[%clk 1:08:39]} 18. exd5 {[%clk 0:55:28]}  Nxd4+ {[%clk 1:05:27]} 19. Bxd4 {[%clk 0:55:45]}  Rxd5 {[%clk 1:05:24]} 20. Bxg7 {[%clk 0:55:54]}  Kxg7 {[%clk 1:03:04]} 21. Rc7 {[%clk 0:55:20]}  Re8+ {[%clk 1:02:34]} 22. Kf3 {[%clk 0:54:50]}  Rf5+ {[%clk 1:01:27]} 23. Kg3 {[%clk 0:54:44]}  Re2 {[%clk 0:56:24]} 24. Rf1 {[%clk 0:51:40]}  Rxa2 {[%clk 0:55:53]} 25. Rxb7 {[%clk 0:51:09]}  Ra3+ {[%clk 0:55:51]} 26. f3 {[%clk 0:49:39]}  Rg5+ {[%clk 0:55:55]} 27. Kh3 {[%clk 0:49:47]}  Ra2 {[%clk 0:56:07]} 28. g4 {[%clk 0:44:10]}  a6 {[%clk 0:48:17]} 29. Re1 {[%clk 0:42:37]}  Rb5 {[%clk 0:48:38]} 30. Ree7 {[%clk 0:36:37]}  Rxb7 {[%clk 0:43:56]} 31. Rxb7 {[%clk 0:34:51]}  Re2 {[%clk 0:35:28]} 32. Ra7 {[%clk 0:34:45]}  Re6 {[%clk 0:35:28]} 33. Kg3 {[%clk 0:27:26]}  g5 {[%clk 0:34:53]} 34. h4 {[%clk 0:21:47]}  h6 {[%clk 0:34:45]} 35. hxg5 {[%clk 0:21:59]}  hxg5 {[%clk 0:35:12]} 36. f4 {[%clk 0:17:46]}  gxf4+ {[%clk 0:35:16]} 37. Kxf4 {[%clk 0:18:07]}  Rb6 {[%clk 0:35:43]} 38. Ra8 {[%clk 0:17:03]}  Rb4+ {[%clk 0:36:01]} 39. Kf3 {[%clk 0:13:05]}  Ra4 {[%clk 0:36:12]} 40. Kg3 {[%clk 0:12:46]}  Ra1 {[%clk 0:35:55]} 41. Kf4 {[%clk 0:09:31]}  a5 {[%clk 0:36:06]} 42. Kg3 {[%clk 0:09:26]}  a4 {[%clk 0:36:34]} 43. Ra5 {[%clk 0:09:37]}  a3 {[%clk 0:35:58]} 44. Kg2 {[%clk 0:08:05]}  a2 {[%clk 0:35:47]} 45. Kh2 {[%clk 0:08:19]}  Kf6 {[%clk 0:36:14]} 46. Kg2 {[%clk 0:08:27]}  Ke6 {[%clk 0:36:42]} 47. Kh2 {[%clk 0:08:12]}  Kd6 {[%clk 0:37:09]} 48. Kg2 {[%clk 0:08:27]}  Kc6 {[%clk 0:36:05]} 49. Ra8 {[%clk 0:08:40]}  Kb5 {[%clk 0:36:25]} 50. Rb8+ {[%clk 0:08:58]}  Kc4 {[%clk 0:36:51]} 51. Ra8 {[%clk 0:08:43]}  Kb3 {[%clk 0:36:35]} 52. Rb8+ {[%clk 0:09:04]}  Kc3 {[%clk 0:36:56]} 53. Rc8+ {[%clk 0:07:12]}  Kd3 {[%clk 0:37:09]} 54. Ra8 {[%clk 0:07:30]}  Ke4 {[%clk 0:37:04]} 55. Ra4+ {[%clk 0:07:31]}  Ke5 {[%clk 0:37:26]} 56. Kh2 {[%clk 0:07:49]}  Kf6 {[%clk 0:37:30]} 57. Kg2 {[%clk 0:07:52]}  Kg5 {[%clk 0:37:57]} 58. Kh2 {[%clk 0:08:11]}  Rf1 {[%clk 0:37:21]} 59. Rxa2 {[%clk 0:07:23]}  Kxg4 {[%clk 0:37:31]} 60. Kg2 {[%clk 0:07:40]}  Rf4 {[%clk 0:36:58]} 61. Ra8 {[%clk 0:05:46]}  Rb4 {[%clk 0:34:27]} 62. Kf2 {[%clk 0:03:45]}  Kf4 {[%clk 0:32:57]} 63. Ra3 {[%clk 0:02:56]}  Rb2+ {[%clk 0:33:16]} 64. Kf1 {[%clk 0:03:16]}  f5 {[%clk 0:32:45]} 65. Ra4+ {[%clk 0:02:14]}  Kg3 {[%clk 0:31:34]} 66. Ra3+ {[%clk 0:02:31]}  Kg4 {[%clk 0:31:52]} 67. Ra4+ {[%clk 0:00:40]}  f4 {[%clk 0:32:20]} 68. Ra3 {[%clk 0:00:53]}  Rh2 {[%clk 0:29:42]} 69. Rc3 {[%clk 0:28:31]}  Rh3 {[%clk 0:59:49]} 70. Rc8 {[%clk 0:27:00]}  Re3 {[%clk 0:59:47]} 71. Kf2 {[%clk 0:26:57]}  Re6 {[%clk 0:57:32]} 72. Rg8+ {[%clk 0:26:53]}  Kf5 {[%clk 0:58:00]} 73. Rf8+ {[%clk 0:26:49]}  Ke4 {[%clk 0:57:43]} 74. Ra8 {[%clk 0:26:56]}  Rb6 {[%clk 0:53:36]} 75. Re8+ {[%clk 0:27:12]}  Kf5 {[%clk 0:54:03]} 76. Rf8+ {[%clk 0:27:28]}  Rf6 {[%clk 0:54:31]} 77. Ra8 {[%clk 0:27:53]}  Kg5 {[%clk 0:53:42]} 78. Kf3 {[%clk 0:28:00]} 1/2-1/2

[Event "45th FIDE Chess Olympiad Open"]
[Site "Budapest, Hungary"]
[Date "2024.09.20"]
[Round "9"]
[White "Kalka, Shiva"]
[Black "Daniel, Cyrus"]
[Result "1-0"]
[Board "292"]
[WhiteFideId "8201749"]
[BlackFideId "23000228"]
[WhiteElo "1849"]
[BlackElo "1759"]
[WhiteTeam "Suriname"]
[BlackTeam "Saint Lucia"]
[WhiteClock "0:32:14"]
[BlackClock "0:00:45"]
[Variant "Standard"]

1. e4 {[%clk 1:30:55]}  e5 {[%clk 1:30:53]} 2. Nf3 {[%clk 1:31:19]}  Nc6 {[%clk 1:31:00]} 3. d4 {[%clk 1:31:41]}  exd4 {[%clk 1:31:00]} 4. Bc4 {[%clk 1:32:04]}  Bc5 {[%clk 1:30:06]} 5. c3 {[%clk 1:32:28]}  Nf6 {[%clk 1:28:53]} 6. e5 {[%clk 1:32:49]}  d5 {[%clk 1:28:57]} 7. Bb5 {[%clk 1:33:12]}  Ne4 {[%clk 1:29:01]} 8. cxd4 {[%clk 1:33:34]}  Bb6 {[%clk 1:29:12]} 9. h3 {[%clk 1:30:21]}  O-O {[%clk 1:26:37]} 10. O-O {[%clk 1:30:47]}  f5 {[%clk 1:24:15]} 11. Bxc6 {[%clk 1:31:12]}  bxc6 {[%clk 1:23:57]} 12. a4 {[%clk 1:27:39]}  a5 {[%clk 1:22:48]} 13. Nc3 {[%clk 1:20:44]}  Ba6 {[%clk 1:20:19]} 14. Re1 {[%clk 1:20:04]}  h6 {[%clk 1:18:46]} 15. h4 {[%clk 1:00:38]}  Qe8 {[%clk 1:16:03]} 16. Bf4 {[%clk 0:42:08]}  Kh7 {[%clk 1:05:37]} 17. g3 {[%clk 0:40:02]}  Rg8 {[%clk 1:05:08]} 18. Kg2 {[%clk 0:40:15]}  Rb8 {[%clk 0:50:41]} 19. Rh1 {[%clk 0:23:56]}  Ba7 {[%clk 0:47:10]} 20. Rb1 {[%clk 0:18:18]}  Rb4 {[%clk 0:46:04]} 21. e6 {[%clk 0:16:30]}  Qb8 {[%clk 0:31:13]} 22. Nxe4 {[%clk 0:12:16]}  dxe4 {[%clk 0:26:43]} 23. Ng5+ {[%clk 0:12:29]}  Kg6 {[%clk 0:24:26]} 24. h5+ {[%clk 0:01:39]}  Kf6 {[%clk 0:24:28]} 25. Be5+ {[%clk 0:01:50]}  Ke7 {[%clk 0:24:18]} 26. Nh3 {[%clk 0:00:51]}  Bd3 {[%clk 0:24:06]} 27. Rc1 {[%clk 0:00:35]}  Bxd4 {[%clk 0:23:55]} 28. Bxd4 {[%clk 0:00:51]}  Rxd4 {[%clk 0:24:05]} 29. Rxc6 {[%clk 0:00:50]}  e3 {[%clk 0:24:13]} 30. Kh2 {[%clk 0:00:32]}  Rgd8 {[%clk 0:21:54]} 31. Qc1 {[%clk 0:01:00]}  exf2 {[%clk 0:11:33]} 32. Rxc7+ {[%clk 0:01:03]}  Kf6 {[%clk 0:09:51]} 33. e7 {[%clk 0:00:33]}  Re8 {[%clk 0:08:48]} 34. Qc3 {[%clk 0:00:33]}  Qb4 {[%clk 0:09:04]} 35. Nxf2 {[%clk 0:00:34]}  Be4 {[%clk 0:07:09]} 36. Nxe4+ {[%clk 0:00:47]}  fxe4 {[%clk 0:06:48]} 37. Rf1+ {[%clk 0:00:32]}  Ke6 {[%clk 0:06:11]} 38. Qc6+ {[%clk 0:00:49]}  Qd6 {[%clk 0:04:41]} 39. Qxe8 {[%clk 0:01:08]}  Rd2+ {[%clk 0:04:06]} 40. Kh3 {[%clk 0:01:27]}  Qxc7 {[%clk 0:03:17]} 41. Qf7+ {[%clk 0:01:48]}  Kd6 {[%clk 0:00:45]} 42. e8=N+ {[%clk 0:32:14]} 1-0

[Event "45th FIDE Chess Olympiad Open"]
[Site "Budapest, Hungary"]
[Date "2024.09.20"]
[Round "9"]
[White "Al Maashani, Amer"]
[Black "Celis, Joel"]
[Result "1-0"]
[Board "293"]
[WhiteFideId "22000100"]
[BlackFideId "15400212"]
[WhiteTitle "FM"]
[BlackTitle "FM"]
[WhiteElo "1979"]
[BlackElo "1929"]
[WhiteTeam "Oman"]
[BlackTeam "Macau"]
[WhiteClock "0:12:03"]
[BlackClock "0:01:59"]
[Variant "Standard"]

1. e4 {[%clk 1:30:57]}  c5 {[%clk 1:30:47]} 2. Nc3 {[%clk 1:31:07]}  Nc6 {[%clk 1:31:02]} 3. f4 {[%clk 1:31:32]}  g6 {[%clk 1:31:01]} 4. Nf3 {[%clk 1:31:56]}  Bg7 {[%clk 1:31:25]} 5. a3 {[%clk 1:32:22]}  d6 {[%clk 1:29:54]} 6. Bc4 {[%clk 1:32:42]}  Nf6 {[%clk 1:30:03]} 7. d3 {[%clk 1:32:56]}  O-O {[%clk 1:30:05]} 8. O-O {[%clk 1:33:15]}  Be6 {[%clk 1:29:23]} 9. Nd5 {[%clk 1:26:07]}  Bxd5 {[%clk 1:21:08]} 10. exd5 {[%clk 1:26:21]}  Nd4 {[%clk 1:18:43]} 11. c3 {[%clk 1:26:24]}  Nxf3+ {[%clk 1:17:23]} 12. Qxf3 {[%clk 1:26:41]}  Qd7 {[%clk 1:17:20]} 13. a4 {[%clk 1:25:17]}  a6 {[%clk 1:15:27]} 14. a5 {[%clk 1:25:36]}  Qg4 {[%clk 1:11:53]} 15. Qxg4 {[%clk 1:19:19]}  Nxg4 {[%clk 1:12:18]} 16. Re1 {[%clk 1:19:32]}  Rfe8 {[%clk 1:10:45]} 17. h3 {[%clk 1:07:07]}  Nh6 {[%clk 1:08:24]} 18. g4 {[%clk 1:07:22]}  Rab8 {[%clk 1:07:01]} 19. Ra3 {[%clk 1:03:31]}  Kf8 {[%clk 1:05:35]} 20. Rb3 {[%clk 1:01:05]}  Rec8 {[%clk 0:58:38]} 21. Rb6 {[%clk 0:59:42]}  f6 {[%clk 0:57:27]} 22. Kg2 {[%clk 0:54:29]}  Nf7 {[%clk 0:54:05]} 23. h4 {[%clk 0:54:33]}  h6 {[%clk 0:42:36]} 24. Kg3 {[%clk 0:45:35]}  g5 {[%clk 0:40:07]} 25. Rf1 {[%clk 0:43:40]}  Kg8 {[%clk 0:28:05]} 26. Bd2 {[%clk 0:36:28]}  Kh7 {[%clk 0:09:46]} 27. Bb3 {[%clk 0:30:03]}  gxf4+ {[%clk 0:07:25]} 28. Bxf4 {[%clk 0:30:32]}  h5 {[%clk 0:06:15]} 29. Re1 {[%clk 0:21:32]}  Rc7 {[%clk 0:05:32]} 30. Bc2 {[%clk 0:20:48]}  Bh6 {[%clk 0:05:35]} 31. d4+ {[%clk 0:20:04]}  Kg7 {[%clk 0:05:47]} 32. Bxh6+ {[%clk 0:17:26]}  Kxh6 {[%clk 0:05:34]} 33. dxc5 {[%clk 0:15:24]}  hxg4 {[%clk 0:05:36]} 34. c6 {[%clk 0:11:18]}  Ne5 {[%clk 0:05:41]} 35. Re4 {[%clk 0:11:30]}  e6 {[%clk 0:03:59]} 36. Reb4 {[%clk 0:10:48]}  exd5 {[%clk 0:04:08]} 37. Rxb7 {[%clk 0:10:57]}  Rcxb7 {[%clk 0:04:15]} 38. Rxb7 {[%clk 0:11:10]}  Rxb7 {[%clk 0:04:05]} 39. cxb7 {[%clk 0:11:38]}  Nd7 {[%clk 0:03:04]} 40. Kxg4 {[%clk 0:11:50]}  Nb8 {[%clk 0:03:17]} 41. b4 {[%clk 0:10:53]}  Nd7 {[%clk 0:01:07]} 42. Bd3 {[%clk 0:11:07]}  Nb8 {[%clk 0:01:12]} 43. b5 {[%clk 0:11:15]}  axb5 {[%clk 0:01:35]} 44. Bxb5 {[%clk 0:11:43]}  Kg6 {[%clk 0:01:59]} 45. a6 {[%clk 0:12:03]} 1-0